|
|
|
|
| LEADER |
00000cam a2200000 7i4500 |
| 001 |
0000000574 |
| 005 |
20000909.0 |
| 020 |
0 |
0 |
|a 9836221913
|
| 090 |
0 |
0 |
|a 307.1216
|b IBR 1991
|
| 100 |
0 |
0 |
|a IBRAHIM Wahab
|
| 245 |
1 |
0 |
|a Perancangan bandar :
|b Aspek fizikal dan kawalan pembangunan
|c Ibrahim Wahab
|
| 260 |
0 |
0 |
|a Kuala Lumpur :
|b DBP ,
|c 1991
|
| 300 |
|
|
|a x, 222 p. :
|b ill. ;
|c 24 cm.
|
| 500 |
0 |
0 |
|a Bibliography: [p. 217-220]
|
| 650 |
0 |
0 |
|a City planning
|z Malaysia
|
| 999 |
|
|
|a 0000000315
|b Monograph
|c Open Shelf
|e Default branch
|
| 999 |
|
|
|a 0000000316
|b Monograph
|c Open Shelf
|e Default branch
|